书目信息 |
| 题名: |
药品安全知识读本
|
|
| 作者: | 梅旭辉 主编 | |
| 分册: | ||
| 出版信息: | 北京 中国医药科技出版社 2017.04 |
|
| 页数: | 170页 | |
| 开本: | 24cm | |
| 丛书名: | 全民健康安全知识丛书 | |
| 单 册: | ||
| 中图分类: | R954 , R954-49 | |
| 科图分类: | ||
| 主题词: | 药品管理--安全管理--基本知识 | |
| 电子资源: | ||
| ISBN: | 978-7-5067-9070-3 | |
| 000 | 00986oam2 2200253 450 | |
| 001 | 5661 | |
| 005 | 20181020113205.27 | |
| 010 | @a978-7-5067-9070-3@dCNY25.00 | |
| 100 | @a20170427d2017 em y0chiy50 ea | |
| 101 | 0 | @achi |
| 102 | @aCN@b110000 | |
| 105 | @aa z 000yy | |
| 200 | 1 | @a药品安全知识读本@9yao pin an quan zhi shi du ben@f梅旭辉主编 |
| 210 | @a北京@c中国医药科技出版社@d2017.04 | |
| 215 | @a170页@c图@d24cm | |
| 225 | 1 | @a全民健康安全知识丛书 |
| 330 | @a本书从认清各类药品、了解药品基本知识、家庭药箱常备药、常见用药误区、常见疾病安全用药须知、特殊人群用药须知、药品安全法律法规及维权知识等方面,向您介绍安全合理用药的基本常识,帮助您了解如何正确使用药物,增强安全合理用药意识,形成良好的用药习惯,保障自己及家人的身体健康。 | |
| 461 | 0 | @12001 @a全民健康安全知识丛书 |
| 606 | 0 | @a药品管理@x安全管理@x基本知识 |
| 690 | @aR954@v5 | |
| 690 | @aR954-49@v4 | |
| 701 | 0 | @a梅旭辉@9mei xu hui@4主编 |
| 801 | 0 | @aCN@b91MARC@c20170427 |
| 905 | @aMuseLib@dR954-49@e155 | |
| 药品安全知识读本/梅旭辉主编.-北京:中国医药科技出版社,2017.04 |
| 170页:图;24cm.-(全民健康安全知识丛书) |
| ISBN 978-7-5067-9070-3:CNY25.00 |
| 本书从认清各类药品、了解药品基本知识、家庭药箱常备药、常见用药误区、常见疾病安全用药须知、特殊人群用药须知、药品安全法律法规及维权知识等方面,向您介绍安全合理用药的基本常识,帮助您了解如何正确使用药物,增强安全合理用药意识,形成良好的用药习惯,保障自己及家人的身体健康。 |
| ● |
| 相关链接 |
|
|
|
|
正题名:药品安全知识读本
索取号:R954-49/155
 
预约/预借
| 序号 | 登录号 | 条形码 | 馆藏地/架位号 | 状态 | 备注 |
| 1 | 1130706 | 211307067 | 第二样本阅览室/ [索取号:R954-49/155] | 在馆 | |
| 2 | 1130707 | 211307076 | 第三借阅区/ [索取号:R954-49/155] | 在馆 | |
| 3 | 1130708 | 211307085 | 第三借阅区/ [索取号:R954-49/155] | 在馆 | |
| 4 | 1130709 | 211307094 | 第三借阅区/ [索取号:R954-49/155] | 在馆 | |
| 5 | 1130710 | 211307101 | 第三借阅区/ [索取号:R954-49/155] | 在馆 |